Birds of Tennessee in verse and story. (Record no. 21676)
[ view plain ]
| 000 -LEADER | |
|---|---|
| fixed length control field | 00766cam a22002171 4500 |
| 001 - CONTROL NUMBER | |
| control field | e 39000363 |
| 003 - CONTROL NUMBER IDENTIFIER | |
| control field | DLC |
| 005 - DATE AND TIME OF LATEST TRANSACTION | |
| control field | 20260227111228.0 |
| 008 - FIXED-LENGTH DATA ELEMENTS--GENERAL INFORMATION | |
| fixed length control field | 811223s1934 tnua s000 0 eng c |
| 010 ## - LIBRARY OF CONGRESS CONTROL NUMBER | |
| LC control number | e 39000363 |
| 035 ## - SYSTEM CONTROL NUMBER | |
| System control number | (OCoLC)8018526 |
| 040 ## - CATALOGING SOURCE | |
| Original cataloging agency | U.S. off. of educ. |
| Transcribing agency | TM |
| Modifying agency | TM |
| -- | DLC |
| 043 ## - GEOGRAPHIC AREA CODE | |
| Geographic area code | n-us-tn |
| 050 00 - LIBRARY OF CONGRESS CALL NUMBER | |
| Classification number | QL684.T2 |
| Item number | A5 1939 |
| 082 ## - DEWEY DECIMAL CLASSIFICATION NUMBER | |
| Classification number | 598.29768 |
| 110 1# - MAIN ENTRY--CORPORATE NAME | |
| Corporate name or jurisdiction name as entry element | Tennessee. |
| Subordinate unit | Department of Conservation. |
| -- | Educational Service. |
| 245 00 - TITLE STATEMENT | |
| Title | Birds of Tennessee in verse and story. |
| Statement of responsibility, etc. | Verse and story by John L. Craig. Other materials by the staff, Educational service, Department of conservation. |
| 260 ## - PUBLICATION, DISTRIBUTION, ETC. | |
| Place of publication, distribution, etc. | [Nashville, |
| Name of publisher, distributor, etc. | Cullom & Ghertner co., |
| Date of publication, distribution, etc. | 1939] |
| 300 ## - PHYSICAL DESCRIPTION | |
| Extent | 76 p. |
| Other physical details | illus. (part mounted col.) |
| Dimensions | 23 cm. |
| 700 1# - ADDED ENTRY--PERSONAL NAME | |
| Personal name | Craig, John L. |
No items available.